| 000 | 00390pab a2200157 454500 | ||
|---|---|---|---|
| 008 | 180718b2008 xxu||||| |||| 00| 0 eng d | ||
| 100 | _aRao, T.V. | ||
| 245 | _aLessons from experience: a new look at performance management systems | ||
| 260 | _c2008 | ||
| 300 | _ap.1-15. | ||
| 362 | _aJul-Sep | ||
| 650 | _aPerformance appraisal | ||
| 773 | _aVikalpa | ||
| 908 | _aN | ||
| 909 | _a79726 | ||
| 999 |
_c79726 _d79726 |
||